| 000 | 00848cab a2200277 4500 | ||
|---|---|---|---|
| 001 | ABS55373 | ||
| 008 | 090401t1996 xxu||||| |||| 00| 0 eng d | ||
| 035 | _a(Sirsi) u16038 | ||
| 041 | _aeng | ||
| 100 | _aPymont, C | ||
| 245 | _aHigh stakes in lottery sales | ||
| 260 | _c1996 | ||
| 350 | _a0 | ||
| 490 |
_aEstates Gazette _v(9624) 15 June 1996, 136-137(2) |
||
| 520 | _aDiscusses whether the sale of lottery tickets breaches usual shop-use covenants. Concludes that the sale of lottery tickets doed not constitute gambling under the Gaming Act 1968. | ||
| 650 | _aGAMBLING | ||
| 650 | _aGAMING ACT 1968 | ||
| 650 | _aLOTTERY TICKETS | ||
| 650 | _aNATIONAL LOTTERY | ||
| 650 | _aNEWSAGENTS | ||
| 650 | _aSHOPS | ||
| 690 | _aLANDLORD AND TENANT-BUSINESS TENANCIES | ||
| 700 | _aBenham, A | ||
| 942 | _n0 | ||
| 948 | _c04/03/1997 | ||
| 999 |
_c10547 _d10547 |
||